Movement system variability
Saved in:
| Main Authors: | , , |
|---|---|
| Format: | Book |
| Language: | English |
| Published: |
Champaign
Human Kinetics
2006
|
| Subjects: | |
| Tags: |
Add Tag
No Tags, Be the first to tag this record!
|
MARC
| LEADER | 00000cam a2200000 a 4500 | ||
|---|---|---|---|
| 001 | UCF2041 | ||
| 003 | CL-VaPUC | ||
| 008 | 120810e20060000US |||||||||||||||||eng|d | ||
| 020 | |a 0736044825 | ||
| 082 | 0 | 4 | |a 612.76 |b DAV |2 21 |
| 100 | 0 | |a Davids, Keith |e author |9 563626 | |
| 700 | 0 | |a Bennett, Simon |e author |9 563627 | |
| 700 | 0 | |a Newell, Karl |e author |9 563628 | |
| 245 | 1 | 0 | |a Movement system variability |
| 300 | |a 363 p | ||
| 942 | |c BK | ||
| 945 | |d 20120810 00:00:00 |a cmena | ||
| 260 | |a Champaign |b Human Kinetics |c 2006 | ||
| 650 | 0 | |a Movimiento |9 322237 | |
| 650 | 0 | |a Biomecánica |9 307420 | |
| 650 | 7 | |a LOCOMOCION |2 CL-VaPUC |9 538397 | |
| 650 | 7 | |a DINAMICA NO LINEAL |2 CL-VaPUC |9 563629 | |
| 650 | 0 | |a Aparato locomotor (musculoesqueleto) |9 474697 | |
| 650 | 7 | |a FISIOLOGIA |2 CL-VaPUC |9 563631 | |
| 583 | |a last modification |c 20120810 11:35:00 |k Rodrigo Vera | ||
| 999 | |c 348714 |d 348712 | ||
| 952 | |0 0 |1 0 |4 0 |6 612_760000000000000_DAV_2006 |7 0 |8 A |9 450855 |a BIBCUR |b BIBCUR |d 2019-11-22 |i 4890949 |o 612.76 DAV 2006 |p 4890949 |r 2025-04-22 |w 2019-11-22 |y BK |k KIN | ||